000 00769nam a22002297a 4500
999 _c12327
_d12327
003 AR-CdUCM
008 190329b ||||| |||| 00| 0 spa d
040 _aMUNICIPALIDAD PROVINCIAL DEL CUSCO
_cBIBLIOTECA MUNICIPAL DEL CUSCO
082 _aEP / 372.460 /
_bC25
110 _aEditorial Bruño
_928389
245 _aLenguaje :
_bFichas de trabajo, 5 grado de primaria /
260 _aLima :
_bBruño.
300 _a142 páginas ;
_bilustraciones, graficos, dibujos,
_c28 cm
500 _a5to grado de Educación Primaria
505 _aContenido :Fichas de trabajo.
650 _aLecturas
_96094
650 _aEducación primaria
_91561
650 _aTexto educativo
_925832
700 _aMaestro García, Felípe
_930139
942 _2ddc
_cLIBROS
945 _arum